Statistics for Smallest countries that don't contain the letter A

Click here to take the quiz!

General Stats

  • This quiz has been taken 90 times
  • The average score is 12 of 15

Answer Stats

ContinentAnswer% Correct
OceaniaFiji
95%
EuropeLiechtenstein
93%
AfricaLesotho
91%
EuropeLuxembourg
89%
North AmericaBelize
85%
AsiaBrunei
84%
AfricaDjibouti
84%
AfricaTogo
83%
EuropeKosovo
81%
AfricaSeychelles
81%
AfricaBurundi
79%
AfricaComoros
79%
EuropeBelgium
72%
AsiaCyprus
72%
EuropeMontenegro
65%

Score Distribution

Percentile by Number Answered

Percent of People with Each Score

Your Score History

You have not taken this quiz